| 000 | 00608 a2200205 4500 | ||
|---|---|---|---|
| 020 | _a0-7637-0444-X | ||
| 035 | _a(DLC) 2002040576 | ||
| 040 |
_aDLC _bDLC |
||
| 082 | 0 | 0 | _a004.2/2 |
| 100 | 1 | _aNull, Linda | |
| 245 | 1 | 4 |
_aThe essentials of computer organization and architecture _cLinda Null, Julia Lobur. |
| 260 |
_aBoston : _bJones and Bartlett Publishers, _ccop. 2003 |
||
| 300 |
_axxx, 673 s. _bill. |
||
| 650 | 0 | _aComputer organization | |
| 650 | 0 | _aComputer architecture | |
| 650 | 0 | _aDatorarkitektur | |
| 650 | 0 | _aComputer architecture | |
| 700 | 1 | _aLobur, Julia. | |
| 942 |
_cBK _k004.22 NUL _2ddc |
||
| 999 |
_c5418 _d5418 |
||